La experiencia religiosa en el contexto de la cultura contemporánea

Gespeichert in:
Bibliographische Detailangaben
1. Verfasser: Duch, Lluís
Format: keine Angabe
Sprache:Spanisch
Erschienen: Barcelona Bruño 1979
Katalog:MANES:  Suchergebnis im Bibliothekskatalog
Schulbuchspezifische Eigenschaften:
Schriftenreihe:Cultura Religiosa; 14 E.D.
Tags: Tag hinzufügen
Keine Tags, Fügen Sie den ersten Tag hinzu!
Hinzugefügt zu:26.04.2016

MARC

LEADER 000000000a22000000004500
001 01043
003 OSt
008 160427s sp ||||| |||| 00| 0 spa d
040 |c centro_manes 
691 0 |a SE 
100 1 |a Duch, Lluís  |9 67 
245 0 0 |a La experiencia religiosa en el contexto de la cultura contemporánea 
260 3 |a Barcelona  |b Bruño  |c 1979 
300 |a 128 p.  |c 22x20 cm 
440 |a Cultura Religiosa; 14 E.D.  |9 89 
500 |a Fecha de publicación tomada del Copyright 
690 7 |a RyM 
942 |2 ddc  |c BK 
546 |a España 
999 |c 7017  |d 7017 
999 |c manes:7017  |d 7017